| 000 | 00397nam a2200145Ia 4500 | ||
|---|---|---|---|
| 008 | 100122s9999 xx 000 0 und d | ||
| 082 |
_b43244 _a537.2 |
||
| 100 | _aMORRIS R L | ||
| 245 | _aDESIGING WITH TTL INTGRATED GRCUITS | ||
| 260 |
_bMCGRAW HILL _c1971 |
||
| 300 | _a322 | ||
| 630 | _aDESIGING WITH TTL INTGRATED GRCUITS | ||
| 730 | _aDESIGING WITH TTL INTGRATED GRCUITS | ||
| 942 | _cBOOK | ||
| 999 |
_c373060 _d373057 |
||